<?xml version="1.0" encoding="UTF-8"?>
<marc:record xmlns:marc="http://www.loc.gov/MARC21/slim">
   <marc:leader>00000nam a2200000 a 4500</marc:leader>
   <marc:datafield ind1="1" ind2=" " tag="100">
      <marc:subfield code="a">Friedrichs, Emma</marc:subfield>
      <marc:subfield code="4">aut</marc:subfield>
      <marc:subfield code="e">Verfasser/-in</marc:subfield>
   </marc:datafield>
   <marc:datafield ind1=" " ind2=" " tag="653">
      <marc:subfield code="a">Backen</marc:subfield>
   </marc:datafield>
   <marc:datafield ind1=" " ind2=" " tag="653">
      <marc:subfield code="a">Torten</marc:subfield>
   </marc:datafield>
   <marc:datafield ind1=" " ind2=" " tag="653">
      <marc:subfield code="a">kekse</marc:subfield>
   </marc:datafield>
   <marc:datafield ind1=" " ind2=" " tag="653">
      <marc:subfield code="a">Frühlingshaft backen</marc:subfield>
   </marc:datafield>
   <marc:datafield ind1=" " ind2=" " tag="653">
      <marc:subfield code="a">Osterkuchen</marc:subfield>
   </marc:datafield>
   <marc:datafield ind1=" " ind2=" " tag="653">
      <marc:subfield code="a">Einfache Kuchenrezepte</marc:subfield>
   </marc:datafield>
   <marc:datafield ind1=" " ind2=" " tag="653">
      <marc:subfield code="a">Softcover / Ratgeber/Essen</marc:subfield>
   </marc:datafield>
   <marc:datafield ind1=" " ind2=" " tag="653">
      <marc:subfield code="a">Trinken/Backen</marc:subfield>
   </marc:datafield>
   <marc:datafield ind1="0" ind2="0" tag="245">
      <marc:subfield code="a">Frühlingsbacken</marc:subfield>
   </marc:datafield>
   <marc:datafield ind1="0" ind2="0" tag="245">
      <marc:subfield code="b">Kreative Rezepte für Kuchen, Tartes und Gebäck</marc:subfield>
   </marc:datafield>
   <marc:datafield ind1="0" ind2="0" tag="245">
      <marc:subfield code="c">Emma Friedrichs</marc:subfield>
   </marc:datafield>
   <marc:datafield ind1=" " ind2="1" tag="264">
      <marc:subfield code="a">München</marc:subfield>
      <marc:subfield code="b">Edition Michael Fischer / EMF Verlag</marc:subfield>
      <marc:subfield code="c">2021</marc:subfield>
   </marc:datafield>
   <marc:datafield ind1=" " ind2=" " tag="250">
      <marc:subfield code="a">2. Auflage</marc:subfield>
   </marc:datafield>
   <marc:datafield ind1="1" ind2=" " tag="520">
      <marc:subfield code="a">Angaben aus der Verlagsmeldung

Frühlingsbacken : Kreative Rezepte für Kuchen, Tartes und Gebäck / von Emma Friedrichs

Das Frühlingserwachen der Kreativität kann beginnen! 
Die Lust zu Backen vergeht nie – und deswegen kann auch nach der Weihnachtsbäckerei wieder in die Keksdose gegriffen werden! Das fröhlich-frischen Backbuch der bekannten Bloggerin Emma von Emma’s Lieblingsstücke regt zum Nachbacken von fruchtig-frühlingshaften Kuchen, Tartes und Keksen an. So werden Ihnen die Ideen für die nächste Kaffeetafel nicht ausgehen!

Viele neue Rezepte &amp; Bilder von der bekannten Backbloggerin Emma von Emma's Lieblingsstücke
Mehr als 30 Rezepte für tolles Frühlingsgebäck
Ansprechende Bilder, die zum Nachmachen anregen
Frisches &amp; fröhliches Design
Von Hefebrot bis Cupcakes - Inspiration für den Osterbrunch

Endlich können wieder fruchtige Rezepte auf der Kaffeetafel serviert werden. Mit Mango-Rosen-Tartelettes, Rhabarbercreme-Schnitten und Himbeer-Quark-Torte werden Naschkatzen nicht enttäuscht. Auch Schokoladenliebhaber kommen nicht zu kurz, wenn Schoko-Cheesecake-Muffins serviert werden. Durch die liebevollen Rezepte von und mit Emma von Emma’s Lieblingsstücke gelingen auch die anspruchsvollen Süßspeisen garantiert! So entstehen zauberhafte Kuchen, Cupcakes, Tartelettes &amp; Co., die beim nächsten Kaffeekränzchen was her machen. Auch für den Brunch stehen genussvolle Rezepte bereit – denn was wäre ein Backbuch ohne Hefegebäck? So steht der nächsten Backsession nichts mehr im Wege!
</marc:subfield>
   </marc:datafield>
   <marc:datafield ind1=" " ind2=" " tag="020">
      <marc:subfield code="a">9783745902365</marc:subfield>
      <marc:subfield code="9">9783745902365</marc:subfield>
   </marc:datafield>
   <marc:datafield ind1=" " ind2=" " tag="020">
      <marc:subfield code="a">374590236X</marc:subfield>
      <marc:subfield code="9">374590236X</marc:subfield>
   </marc:datafield>
   <marc:datafield ind1=" " ind2=" " tag="041">
      <marc:subfield code="a">ger</marc:subfield>
   </marc:datafield>
   <marc:datafield ind1=" " ind2=" " tag="300">
      <marc:subfield code="a">196 Seiten</marc:subfield>
   </marc:datafield>
</marc:record>
